000 00611nam a2200229Ia 4500
003 OSt
005 20220923222424.0
006 a|||||r|||| 00| 0
007 ta
008 220922b |||||||| |||| 00| 0 hin d
024 _a204,813
037 _cTextual
040 _aARTS
_cARTS
_bhin
041 _2hin
_ahin
082 _aO44,1x, 152L2
245 0 _aभारतीय कविता
_b 58-59
246 _aBhāratīya kavitā: 58-59
260 _c1972
650 _aहिन्दी साहित्य
_9156264
942 _hO44,1x, 152L2
_cTEXL
_2CC
999 _c355561
_d355561